Electric Steel and Other Essay: (Record no. 199443)

MARC details
000 -LEADER
fixed length control field 00645nam a22001937a 4500
005 - DATE AND TIME OF LATEST TRANSACTION
control field 20231204125716.0
010 ## - LCCN (DPL NO)
LC control number ENG-138561
020 ## - INTERNATIONAL STANDARD BOOK NUMBER
International Standard Book Number 9789354423598
Terms of availability 465.00
035 ## - SYSTEM CONTROL NUMBER
System control number EN-122093
037 ## - SOURCE OF ACQUISITION
Source of stock number/acquisition DBAD/PUB
082 ## - DEWEY DECIMAL CLASSIFICATION NUMBER
Classification number S
Edition number 1
100 ## - MAIN ENTRY--PERSONAL NAME
Personal name Portelli, Alessandro
245 ## - TITLE STATEMENT
Title Electric Steel and Other Essay:
Statement of responsibility, etc By Alessandro Portelli
Remainder of title Parallel Stories from Italy,India and the Americas/
250 ## - EDITION STATEMENT
Edition statement 1
260 ## - PUBLICATION, DISTRIBUTION, ETC. (IMPRINT)
Place of publication, distribution, etc Telengana
Name of publisher, distributor, etc Orient BlackSwan Private Limited
Date of publication, distribution, etc 2023
270 ## - ADDRESS
Address 3-6-752, Himayatnagar, Hyderabad
City Telengana
Postal code 500029
Electronic mail address info@orientblackswan.com
300 ## - PHYSICAL DESCRIPTION
Extent 67p.
Dimensions 22cm(pbk)
Other physical details index
942 ## - ADDED ENTRY ELEMENTS (KOHA)
Source of classification or shelving scheme Dewey Decimal Classification
Item type English Books
Classification part S
Call number suffix POR
Holdings
Withdrawn status Lost status Not for loan Collection code Home library Current library Date acquired Source of acquisition Cost, normal purchase price Full call number Barcode Copy number Cost, replacement price Koha item type
      Non-fiction Vinoba Puri Vinoba Puri 04/12/2023 DBAD/PUB 465.00 S POR EN-122093 1 465.00 English Books

© Delhi Public Library
Hit Counter
free hit counter